Modern Geometrical Optics (Record no. 3669)

MARC details
000 -LEADER
fixed length control field 01176cam a2200301 a 4500
001 - CONTROL NUMBER
control field 4962778
003 - CONTROL NUMBER IDENTIFIER
control field OSt
005 - DATE AND TIME OF LATEST TRANSACTION
control field 20191022150001.0
008 - FIXED-LENGTH DATA ELEMENTS--GENERAL INFORMATION
fixed length control field 970521s1998 nyua b 001 0 eng
010 ## - LIBRARY OF CONGRESS CONTROL NUMBER
LC control number 97024252
020 ## - INTERNATIONAL STANDARD BOOK NUMBER
International Standard Book Number 0471169226 (cloth : alk. paper)
040 ## - CATALOGING SOURCE
Original cataloging agency DLC
Transcribing agency DLC
Modifying agency DLC
050 00 - LIBRARY OF CONGRESS CALL NUMBER
Classification number QC381
Item number .D48 1998
082 00 - DEWEY DECIMAL CLASSIFICATION NUMBER
Classification number 535
Item number DIT 1997
100 1# - MAIN ENTRY--PERSONAL NAME
Personal name Ditteon, Richard,
Dates associated with a name 1953-
9 (RLIN) 8156
245 10 - TITLE STATEMENT
Title Modern Geometrical Optics
260 ## - PUBLICATION, DISTRIBUTION, ETC. (IMPRINT)
Place of publication, distribution, etc. New York :
Name of publisher, distributor, etc. Wiley,
Date of publication, distribution, etc. 1998.
300 ## - PHYSICAL DESCRIPTION
Extent xiv, 439 p. :
Other physical details ill. ;
Dimensions 25 cm.
500 ## - GENERAL NOTE
General note "A Wiley-Interscience publication."
504 ## - BIBLIOGRAPHY, ETC. NOTE
Bibliography, etc Includes bibliographical references and index.
650 #0 - SUBJECT ADDED ENTRY--TOPICAL TERM
Topical term or geographic name as entry element Geometrical optics.
9 (RLIN) 8157
856 42 - ELECTRONIC LOCATION AND ACCESS
Materials specified Contributor biographical information
Uniform Resource Identifier http://www.loc.gov/catdir/bios/wiley047/97024252.html
856 42 - ELECTRONIC LOCATION AND ACCESS
Materials specified Publisher description
Uniform Resource Identifier http://www.loc.gov/catdir/description/wiley031/97024252.html
856 41 - ELECTRONIC LOCATION AND ACCESS
Materials specified Table of contents
Uniform Resource Identifier http://www.loc.gov/catdir/toc/wiley022/97024252.html
906 ## - LOCAL DATA ELEMENT F, LDF (RLIN)
a 7
b cbc
c orignew
d 1
e ocip
f 19
g y-gencatlg
942 ## - ADDED ENTRY ELEMENTS (KOHA)
Source of classification or shelving scheme Dewey Decimal Classification
Koha item type Short Loan
Holdings
Withdrawn status Lost status Source of classification or shelving scheme Damaged status Not for loan Home library Current library Date acquired Source of acquisition Inventory number Total Checkouts Full call number Barcode Date last seen Koha item type Price effective from
    Dewey Decimal Classification     MUST Main Library MUST Main Library 20/04/2016 Purchase 01/15750   535 DIT 1997 2016-1111 20/04/2016 Short Loan  
    Dewey Decimal Classification     MUST Main Library MUST Main Library 20/04/2016 Purchase 01/15751   535 DIT 1997 2016-1112 20/04/2016 Short Loan  
    Dewey Decimal Classification     MUST Main Library MUST Main Library 15/02/2017 Purchase 12/35783   535 DIT 1997 2017-0219 15/02/2017 Open Shelf  
    Dewey Decimal Classification     MUST Main Library MUST Main Library 15/02/2017 Purchase 12/35782   535 DIT 1997 2017-0220 15/02/2017 Open Shelf  
    Dewey Decimal Classification     MUST Main Library MUST Main Library 15/02/2017 Purchase 12/35785   535 DIT 1997 2017-0221 15/02/2017 Open Shelf  
    Dewey Decimal Classification     MUST Main Library MUST Main Library 15/02/2017 Purchase 12/35786   535 DIT 1997 2017-0222 15/02/2017 Open Shelf  
    Dewey Decimal Classification     MUST Main Library MUST Main Library 28/03/2017 Purchase 12/35784   535 DIT 1997 2017-0651 28/03/2017 Open Shelf  
    Dewey Decimal Classification     MUST Main Library MUST Main Library 22/03/2023 Purchase 21/41706   535 DIT 1997 2023-0391 22/03/2023 Open Shelf 22/03/2023